Moonlight - Kali Uchis - All Lyrics - Statistics

General Stats
  • This quiz has been taken 154 times
  • The average score is 279 of 406
Answer Stats
Answer % Correct
get
98%
(Get
98%
Get
98%
high
98%
high)
98%
(High
98%
I
98%
(I
98%
just
98%
When
98%
yeah
98%
love
96%
wanna
95%
Kiss,
94%
kiss,
94%
my
94%
with
94%
lover
91%
lover)
91%
the
87%
The
87%
to
85%
moon
84%
go
82%
moonlight
82%
tonight
81%
looking
80%
out
79%
in
77%
think
77%
dolly,
73%
a
71%
me
70%
me,
70%
me)
70%
cuando
67%
may
66%
you
66%
(You
66%
You
66%
ride,
65%
Veo
65%
espejo
64%
muñeca
63%
en
61%
una
60%
el
59%
miro
57%
your
57%
here
53%
for
52%
on
52%
be
51%
you're
51%
of
49%
can
48%
it
46%
free
45%
no
45%
talk
45%
we
45%
Baby,
44%
Forget
44%
put
44%
small
44%
lip
43%
gloss
42%
And
40%
and
40%
by
40%
day
40%
it's
40%
hell
39%
I'm
39%
know
38%
that
38%
been
37%
let
37%
escape
36%
feel,
35%
place
35%
But
32%
everything,
32%
nothing
32%
okay
32%
make
31%
much
31%
show
31%
There's
31%
There’s
31%
way
31%
always
29%
care
29%
how
29%
How
29%
like
29%
time
29%
above
27%
higher
27%
higher?
27%
one
27%
sure
27%
take
27%
Find
26%
peripheral,
26%
Putting
26%
saw
26%
brain
25%
mind
25%
feels
24%
from
24%
priority
24%
leave
23%
stare
23%
stress
23%
ain't
22%
surface
22%
all
21%
peace
21%
level
20%
Let’s
19%
still
19%
does
15%
nowhere
15%
getting
14%
won't
14%
side
13%
behind
10%
glow
10%
together,
10%
Under
10%
moonlight's
9%
No-no
5%
No matching quizzes found
Score Distribution
Percent of People with Each Score
Percentile by Number Answered
Your Score History
You have not taken this quiz